000 00821nam a22002297a 4500
005 20080923102150.0
008 080923t xxu||||| |||| 00| 0 eng d
010 _aENG-91043
020 _c60.00
035 _aEN-74576
037 _bDBAD / PUB
040 _adpl
_bEnglish
082 _a330.01
100 _aSenthil Kumar, A.
245 _aBasic concepts in economics /
_cby A. Senthil Kumar
260 _aErode
_bGenius Publications
_c2007
270 _bErode
_aP/235, Indumathi Complex, Bhavani Main Road, Moolapattaral,
_e3
300 _a106p.
_c22cm (pbk)
650 _aEconomics.
942 _2ddc
_cEN
_mSEN
_h330.01
999 _c15606
_d15606